000 00808nas a2200265 4500
001 BR9203711
003 BR-BrBNA
005 20231205095049.0
007 ta
008 230509b bl.|||p| |||| 00| 00por d
040 _aBR-BrBNA
_bpor
_cBiblioteca Nacional de Agricultura
041 _a(Pt)
072 _aL70
100 1 _aSchossler, J.E.
100 1 _aSampaio, A. de A.
100 1 _aSchossler, D.R.
245 1 _aAnestesia geral em coelhos pela tiletamina-zolazepan associada ao fentanil-droperidol
650 _aCoelho
650 _aVeterinaria
650 _aAnestesia
650 _aMedicamento
773 0 _tRevista do Centro de Ciencias Rurais (Brazil)
_xISSN 0085-5901
_g(Jul-Sep 1989), v. 19(3) p. 267-272
_wBR9203711
909 _a202311
_bLúcia
_c55
_dLúcia Elande
942 _2AGRIS
_n0
_cANA
999 _c148524
_d148524